000
00285nam a22001337a 4500
008
170419b xxu||||| |||| 00| 0 eng d
020
_a
9780072319033
041
_a
eng
080
_2
3 ED
_a
579
100
_a
11
101
_a
SHM
245
_a
MICROBIOLOGY
_c
KLEYN.J
942
_2
udc
_c
BK
999
_c
11167
_d
11167